Paganos y cristianos en una época de angustia : algunos aspectos de la experiencia religiosa desde Marco Aurelio a Constantino /

Estudio que trata sobre la decadencia material y la ascensión de la experiencia religiosa en el imperio romano, desde la época del emperador Marco Aurelio hasta Constantino. El autor da cuenta de la cosmovisión de la época, los momentos de cambios e inseguridades y la actitud existencial de los indi...

Fuld beskrivelse

Guardado en:
Bibliografiske detaljer
Hovedforfatter: Dodds, E.R (autor)
Format: Bog
Sprog:spansk
Udgivet: Madrid, España : Ediciones Cristiandad, 2010, c1975
Serier:(Epifanía ; El Libro de Bolsillo Cristiandad) 25.
Fag:
Tags: Tilføj Tag
Ingen Tags, Vær først til at tagge denne postø!

MARC

LEADER 00000nam^a2200000^a^4500
001 000393987
005 20250521000000.0
009 20260310121323.637
020 |a 978-84-7057-179-4 
037 |a Acervo ITESO - Biblioteca 
041 |a ESP 
082 |a 945. 0126  |b DOD 
100 |a Dodds, E.R.  |e (autor) 
245 1 0 |a Paganos y cristianos en una época de angustia :  |b algunos aspectos de la experiencia religiosa desde Marco Aurelio a Constantino /  |c E.R. Dodds ; tr. por J. Valiente Malla. 
264 4 |a Madrid, España :  |b Ediciones Cristiandad,  |c 2010, c1975 
300 |a 188 p. 
336 |a texto  |b txt  |2 rdacontenido 
337 |a sin mediación  |b n  |2 rdamedio 
338 |a volumen  |b nc  |2 rdasoporte 
440 1 |a (Epifanía ;  |v 25.  |p El Libro de Bolsillo Cristiandad) 
500 |a Traducción de: Pagan and Christian in an Age of Anxiety: Some Aspects of Religious Experience from Marcus Aurelius to Constantine 
520 |a Estudio que trata sobre la decadencia material y la ascensión de la experiencia religiosa en el imperio romano, desde la época del emperador Marco Aurelio hasta Constantino. El autor da cuenta de la cosmovisión de la época, los momentos de cambios e inseguridades y la actitud existencial de los individuos frente a estas circunstancias. 
521 |a Peticiones 2017 
649 |a XX 
650 |a Paganismo -  |z Roma -  |x Historia -  |y Imperio, 31 a.C.-476 d.C. 
650 |a Gnosticismo -  |z Roma -  |x Historia -  |y Imperio, 31 a.C.-476 d.C. 
650 |a Cristianismo -  |z Roma -  |x Historia -  |y Imperio, 31 a.C.-476 d.C. 
650 |a Roma -  |x Historia -  |y Imperio, 31 a.C.-476 d.C. -  |x Tema Principal 
910 |a Fondo General 
920 |a Impresos - Libros 
930 |a Colección General 
905 |a 101 
901 |a 0500289022  |b IT1  |c ACC  |i C155231  |u 20250521 
902 |a https://opac.biblio.iteso.mx/vufind/Record/000393987